000 00542ntaaa2200193 4500
003 01
005 20251027202224.0
008 0714s1973 ag 01
040 _aAR-BaBN
_bspa
_cAR-BaBN
_eaacr
_dRIC
082 _a268.0000 Sc3
100 _aSchisler, John Quincy
_920725
245 _aChristian teaching in the churches
250 _a1 ed.
260 _aNew York :
_bAbingdon Press,
_cc1954
300 _a173 p
500 _aReligions education today ... its nature, scope and purpose
650 _aeducación religiosa
_94601
942 _cBK
999 _c17082
_d17082